| 000 | 00739nam a2200253 i 4500 | ||
|---|---|---|---|
| 001 | 20311 | ||
| 003 | ES-MaACL | ||
| 005 | 20250825040759.0 | ||
| 007 | t| | ||
| 008 | 021111s1982 sp |||| | spa d | ||
| 020 | _a84-86008-04-2 | ||
| 080 | _a07(460)"1975/..."(04) | ||
| 100 | 1 |
_aAguilar, Miguel Ángel, _d1943- _9154981 |
|
| 245 | 1 | 3 |
_aEl vértigo de la prensa / _cMiguel Ángel Aguilar. |
| 250 | _a1ª ed. | ||
| 260 |
_aMadrid : _bMezquita, _c1982. |
||
| 300 |
_aXI, 227 p. ; _c19 cm. |
||
| 490 | 1 |
_aSerie Periodismo ; _v2 |
|
| 650 | 0 | 4 |
_aPrensa- _zEspaña- _y1975-1982. _916356 |
| 830 | 0 | 0 |
_aPeriodismo (Mezquita) _v2 _9228919 |
| 852 |
_aES-MaACL _jL-2348 |
||
| 852 |
_aES-MaACL _jL-9167 |
||
| 999 |
_c20311 _d20311 |
||